000 00711nam a22002297a 4500
003 UA-OsUOA
001 86983
007 ta
008 20120913b un ||||| |||| 00| 0 ukr d
090 _a82.09
_bК66
942 _cBK
040 _aUA-OsUOA
_brus
_cUA-OsUOA
_dUA-OsUOA
245 _aКорабли мысли
_bРассказы, памфлеты, эссе
_cСост. Кунин В.
300 _a333 с.
955 _a1
041 _arus
080 _a82.09
260 _aМ.
_bКнига
_c1980
246 3 1 _aЗарубежные писатели о книге, чтении, библиофилах
_n
650 7 _a82 Література. Літературознавство
_2UDC
999 _c373196
_d373196